00486 2200193 4500245004900000020002200049250001100071100001900082700001600101700001900117650001700136005001900153260004100172041001400213084001300227300003200240336000900272338001100281 aDear Boys Act3 Vol. 10cYagami, HirokihText a978-602-02-0238-9 aCet. 1 aYagami, Hiroki aNia Ikasary aHendy Reginald aKomik Jepang a20230201145822 aJakartabElex Media Komputindoc2013 aIndonesia a741.5592 a... jil. :bilus. ;c17 cm. atext avolume